Словарь по проведению совещаний (Запись № 1482278)

Подробности
000 -МАРКЕР
контрольное поле 01556nam0a2200349 4500
001 - ИДЕНТИФИКАТОР ЗАПИСИ
контрольное поле RU\NLR\bibl\1452419
005 - ИДЕНТИФИКАТОР ВЕРСИИ
контрольное поле 20250615232302.0
010 ## - МЕЖДУНАРОДНЫЙ СТАНДАРТНЫЙ НОМЕР КНИГИ (ISBN)
Номер (ISBN) 978-5-93439-278-0
Тираж 800
021 ## - НОМЕР ГОСУДАРСТВЕННОЙ РЕГИСТРАЦИИ
Код страны российская федерация
Номер 2009-87500
Номер Листа государственной регистраци 5508
035 ## - ДРУГИЕ СИСТЕМНЫЕ НОМЕРА
Идентификатор записи (NLR Aleph) 001444229
100 ## - ДАННЫЕ ОБЩЕЙ ОБРАБОТКИ
Данные общей обработки 20091215d2009 |||y0rusy50 ca
101 0# - ЯЗЫК РЕСУРСА
Язык текста, звукозаписи и т.д. русский
-- английский
102 ## - СТРАНА ПУБЛИКАЦИИ ИЛИ ПРОИЗВОДСТВА
Страна публикации российская федерация
105 ## - ПОЛЕ КОДИРОВАННЫХ ДАННЫХ: ТЕКСТОВЫЕ МАТЕРИАЛЫ, МОНОГРАФИЧЕСКИЕ
Кодированные данные о монографическом текстовом документе y |||||||||
200 1# - ЗАГЛАВИЕ И СВЕДЕНИЯ ОБ ОТВЕТСТВЕННОСТИ
Основное заглавие Словарь по проведению совещаний
Параллельное заглавие Conferences dictionary
Сведения, относящиеся к заглавию русско-английский, англо-русский
-- процедурные вопросы. Составление рабочей документации
-- более 4500 слов и словосочетаний в каждой части
Первые сведения об ответственности авт.-сост.: Т. А. Беляк
Язык параллельного заглавия английский
205 ## - СВЕДЕНИЯ ОБ ИЗДАНИИ
Сведения об издании [2-е изд., испр. и доп.]
210 ## - ПУБЛИКАЦИЯ, РАСПРОСТРАНЕНИЕ И ДР.
Место издания, распространения и т.д. Москва
Имя издателя, распространителя и т. д. Р. Валент
Дата издания, распространения и т.д. 2009
215 ## - ФИЗИЧЕСКАЯ ХАРАКТЕРИСТИКА
Специфическое обозначение материала и объем 215, [1] с.
Размеры 22
225 1# - СЕРИЯ
Основное заглавие серии Библиотека практикующего переводчика
320 ## - ПРИМЕЧАНИЯ О НАЛИЧИИ В ДОКУМЕНТЕ БИБЛИОГРАФИИ / УКАЗАТЕЛЯ
Текст примечания Библиогр.: с. 6 (9 назв.)
510 1# - ПАРАЛЛЕЛЬНОЕ ЗАГЛАВИЕ
Параллельное заглавие Conferences dictionary
Язык заглавия английский
606 0# - НАИМЕНОВАНИЕ ТЕМЫ КАК ПРЕДМЕТ
Наименование темы Русский язык
Тематический подзаголовок Терминология процедурная
-- Словари
-- Английский язык
Системный номер авторитетной/нормативной записи 2305877
Идентификатор авторитетной/нормативной записи RU\NLR\auth\661380273
686 ## - ИНДЕКСЫ ДРУГИХ КЛАССИФИКАЦИЙ
Индекс Ш141.12-434.1
686 ## - ИНДЕКСЫ ДРУГИХ КЛАССИФИКАЦИЙ
Индекс Ш143.21-434.2
702 #1 - ИМЯ ЛИЦА - ВТОРИЧНАЯ ОТВЕТСТВЕННОСТЬ
Начальный элемент ввода Беляк
Часть имени, кроме начального элемента ввода Т. А.
Расширение инициалов личного имени Татьяна Александровна
Код отношения Составитель
801 #0 - ИСТОЧНИК ЗАПИСИ
Страна российская федерация
Организация NLR
Дата составления 20091215
Правила каталогизации RCR
801 #1 - ИСТОЧНИК ЗАПИСИ
Страна российская федерация
Организация NLR
Дата составления 20091215
942 ## - ДОПОЛНИТЕЛЬНЫЕ ЭЛЕМЕНТЫ ЗАПИСИ (АБИС)
Тип экземпляра АБИС Книга
980 ## - КОЛЛЕКЦИЯ
Название коллекции Национальная библиография
Экземпляры
Тип экземпляра Дата поступления Источник поступления Библиотека постоянного хранения Библиотека текущего хранения Место хранения Шифр хранения Штрих-код Статус не для выдачи
Книга 15.12.2009 Обязательный экземпляр РНБ (Московский) РНБ (Московский) Центральная справочная библиотека С 2009-2/750 1-1181915  
Книга 15.12.2009 Обязательный экземпляр РНБ (Московский) РНБ (Московский) Центральная справочная библиотека С 2009-2/750 1-1181919